| 000 | 00431nam a22001337a 4500 | ||
|---|---|---|---|
| 082 | _a BEE-5 WAQ | ||
| 100 |
_aWaqas Abid _992538 |
||
| 245 | _a Wireless energy transfer | ||
| 260 |
_aIslamabad _bNUST School of Electrical Engineering and Computer Science _c2013 |
||
| 300 |
_a 96p. : _eCD-ROM |
||
| 500 | _a Supervisor: Mr. Ahmad Imran Najam | ||
| 856 | _uhttp://10.250.8.41:8080/xmlui/handle/123456789/9819 | ||
| 942 |
_cPR _2ddc |
||
| 999 |
_c12714 _d12714 |
||